01728cam a2200433 i 4500952014800000999001700148001000900165003000400174005001700178008004100195010001700236020003000253020002700283025003600310035002400346035002100370037005300391040003100444042002100475043001200496050002500508082002200533100003400555245015000589250002700739264006600766300002100832336002600853337002800879338002700907504006700934600004601001650004001047650003601087651003701123651004701160906004501207942004201252 00102ddc40708HISTORYaMESbMEScISLd2019-02-20g250.00l1m2o954.04 ISL/Mp39141r2024-10-03 13:51:09s2024-08-29w2019-02-20yBKzGL44R2 c34952d3495219016775OSt20200201110119.0160218s2015 ii b 001 0deng d a 2015357071 a9788172210670 (paperback) a8172210671 (paperback) aI-E-2015-357071 ; 61-91 ; 62-91 a(OCoLC)ocn939600985 a(OCoLC)939600985 bLibrary of Congress -- New Delhi Overseas Office aDKAGEbengerdacoclcdDLC alccopycatalcode aa-ii---00aDS480.842b.I85 201504a954.04223bISL/M aIslam, Shamsuleauthor.9174310aMuslims against partition :brevisiting the legacy of Allah Bakhsh and other patriotic Muslims /cShamsul Islam ; foreword, Prof. Harbans Mukhia. aFirst English edition. 1aNew Delhi, India :bPharos Media & Publishing Pvt Ltd,c2015. a215 pagesc22 cm atextbtxt2rdacontent aunmediatedbn2rdamedia avolumebnc2rdacarrier aIncludes bibliographical references (pages 195-209) and index.10aSūmro, Allāh Bak̲h̲shu,d1900-1943. 0aMuslimsxPolitical activityzIndia. 0aNationalistszIndiavBiography. 0aIndiaxHistoryyPartition, 1947. 0aIndiaxPolitics and governmenty1919-1947. a7bcbcccopycatd3encipf20gy-gencatlg 2ddccBKh954.04iISL/Mk954.04mISL/M